000 00619cam a22002172 4500
001 0000013187
005 20151217160129.0
008 090618s xx 000 0 eng d
020 _a0811441768
040 _aKABU
_cKABU
100 1 _aBillings, Henry.
_@0000170330
245 1 0 _aGreat rescues /
_cHenry Billings, Melisa Stone.
250 _a1st ed.
260 _aAustin, Texas :
_bSteck-Vaughn,
_c1990.
300 _a94 p.
650 0 _aRescues.
_@0000170333
700 1 _aStone, Melisa.
_@0000170332
852 1 _9p100 KES
908 _a090618
950 _@1
999 _c14689
_d14689